000 00793cam a2200265 a 4500
001 13904751
005 20180110090409.0
008 050318s2005 enkab b 001 0 eng d
010 _a 2005297095
015 _aGBA4-X1321
020 _a0521542847 (pbk.)
035 _a(OCoLC)ocm56444444
040 _aUKM
_cUKM
_dC#P
_dDLC
041 _aeng
042 _alccopycat
080 _a428.64 KEN
082 0 4 _a428.64 KEN
_222
100 1 _a40.
101 _aMED
245 1 0 _aMaking connections :
_cKenneth J. Pakenham.
504 _aIncludes bibliographical references (p. 273-274) and index.
906 _a7
_bcbc
_ccopycat
_d2
_encip
_f20
_gy-gencatlg
942 _2ddc
_cBK
999 _c40056
_d40056